[Event "Mädchen-Grand-Prix Finale 2017"]
[Site "Erfurt GER"]
[Date "2017.08.05"]
[Round "1"]
[White "Erofeev, Anastasia"]
[Black "Lorenz, Keana"]
[Result "1-0"]
[Termination "normal"]
[Board "1"]
[WhiteElo "1968"]
[BlackElo "1290"]
[PlyCount "127"]
[WhiteFideId "12917915"]
[BlackFideId "12990248"]
[EventCountry "GER"]
[EventRounds "5"]
[EventType "round robin"]
[EventDate "2017.08.04"]

1. d4 d5 2. c4 e6 3. Nc3 Nf6 4. cxd5 exd5 5. Bg5 Be7 6. e3 Nbd7 7. Bd3 O-O 8.
Nge2 b6 9. Nf4 Bb7 10. O-O c5 11. dxc5 bxc5 12. Bc2 h6 13. Bxf6 Nxf6 14. Qd3 c4
15. Qe2 Qc7 16. Rfd1 Rfd8 17. Nb5 Qb6 18. Nd4 Bd6 19. Nh5 Bc7 20. Nxf6+ Qxf6
21. Qf3 Qd6 22. g3 a6 23. Nf5 Qe5 24. Nd4 Qe7 25. Qf5 g6 26. Qf3 Rd6 27. b3 Rf6
28. Qe2 Be5 29. Rab1 cxb3 30. Bxb3 Rc8 31. Qd2 Qd7 32. Rbc1 Rd8 33. Qe2 h5 34.
Rd2 h4 35. Nf3 Bb8 36. Nxh4 Ba7 37. Nf3 d4 38. Nxd4 Qh3 39. f4 Bxd4 40. Rxd4
Re8 41. Bd5 Bc8 42. e4 Bg4 43. Qg2 Qh5 44. Rd3 Kg7 45. Qf2 Rh8 46. Rd2 g5 47.
e5 Rfh6 48. Rc7 Rf8 49. fxg5 Rhh8 50. h4 Qg6 51. Rb2 Rh7 52. Qf6+ Qxf6 53.
gxf6+ Kg6 54. Rbb7 Rd8 55. Bxf7+ Kh6 56. Bb3 Rhh8 57. e6 Rd2 58. e7 Rb2 59. f7
Rb1+ 60. Kf2 Rb2+ 61. Ke3 Re2+ 62. Kf4 Bh5 63. f8=Q+ Rxf8+ 64. exf8=Q+ 1-0

[Event "Mädchen-Grand-Prix Finale 2017"]
[Site "Erfurt GER"]
[Date "2017.08.05"]
[Round "1"]
[White "Irrgang, Natascha"]
[Black "Reuter, Elisa"]
[Result "0-1"]
[Termination "normal"]
[Board "2"]
[WhiteElo "1275"]
[BlackElo "1648"]
[PlyCount "84"]
[WhiteFideId "16257545"]
[BlackFideId "12995444"]
[EventCountry "GER"]
[EventRounds "5"]
[EventType "round robin"]
[EventDate "2017.08.04"]

1. e4 c5 2. Nf3 Nc6 3. d4 cxd4 4. Nxd4 g6 5. Nc3 Bg7 6. Be3 Nf6 7. Bc4 Qa5 8.
O-O O-O 9. Bb3 d6 10. Qd2 Ng4 11. Rad1 Nxe3 12. Qxe3 Nxd4 13. Rxd4 Bxd4 14.
Qxd4 Qc5 15. Qd3 Be6 16. Nd5 Bxd5 17. Bxd5 Rab8 18. c3 e6 19. Bb3 b5 20. a3 a5
21. Ba2 Rfc8 22. Rc1 b4 23. c4 bxa3 24. bxa3 Rb2 25. Rc2 Rxc2 26. Qxc2 Qxa3 27.
h3 Qb4 28. Qe2 Qc5 29. g3 Rb8 30. Kh2 a4 31. Kg1 a3 32. Kg2 Rb2 33. Qe1 Rxa2
34. h4 Qxf2+ 35. Qxf2 Rxf2+ 36. Kxf2 a2 37. Kf3 a1=Q 38. Kg4 Qh1 39. Kf4 e5+
40. Kg4 h5+ 41. Kg5 Kg7 42. c5 f6# 0-1

[Event "Mädchen-Grand-Prix Finale 2017"]
[Site "Erfurt GER"]
[Date "2017.08.05"]
[Round "1"]
[White "Habersetzer, Elyse"]
[Black "Lorenz, Anouk"]
[Result "0-1"]
[Termination "normal"]
[Board "3"]
[WhiteElo "1631"]
[BlackElo "1287"]
[PlyCount "58"]
[WhiteFideId "16222288"]
[BlackFideId "12990256"]
[EventCountry "GER"]
[EventRounds "5"]
[EventType "round robin"]
[EventDate "2017.08.04"]

1. d4 f5 2. e3 g6 3. f4 Nf6 4. Nf3 Bg7 5. Bd3 O-O 6. O-O a5 7. Nbd2 Nc6 8. c3
b6 9. Ne5 Bb7 10. Qe2 e6 11. Ndf3 d6 12. Nxc6 Bxc6 13. Ng5 Re8 14. Bd2 Qd7 15.
Qd1 b5 16. Be1 e5 17. Qb3+ Bd5 18. c4 bxc4 19. Bxc4 Qc6 20. Bxd5+ Qxd5 21. dxe5
dxe5 22. Qc2 exf4 23. exf4 Re7 24. Nf3 Ng4 25. Bd2 Rae8 26. Rfe1 Bd4+ 27. Nxd4
Qxd4+ 28. Kh1 Nf2+ 29. Kg1 Nh3+ 0-1

[Event "Mädchen-Grand-Prix Finale 2017"]
[Site "Erfurt GER"]
[Date "2017.08.05"]
[Round "1"]
[White "Jünk, Ellen"]
[Black "Mundt, Alexandra"]
[Result "1/2-1/2"]
[Termination "normal"]
[Board "4"]
[WhiteElo "1416"]
[BlackElo "1563"]
[PlyCount "120"]
[WhiteFideId "16206487"]
[BlackFideId "16217276"]
[EventCountry "GER"]
[EventRounds "5"]
[EventType "round robin"]
[EventDate "2017.08.04"]

1. e4 e5 2. Nf3 Nf6 3. Nc3 Nc6 4. a3 a6 5. d4 exd4 6. Nxd4 Bc5 7. Nxc6 bxc6 8.
b4 Bb6 9. e5 Qe7 10. Qe2 Bd4 11. Bd2 Qxe5 12. Qxe5+ Bxe5 13. Rd1 d5 14. Bd3 Be6
15. O-O O-O 16. Rfe1 Bd4 17. Ne2 Bb6 18. Ng3 Ng4 19. Re2 Rfe8 20. Rde1 Kf8 21.
h3 Nf6 22. c3 c5 23. Bc2 cxb4 24. axb4 a5 25. bxa5 Bxa5 26. Bb3 Rab8 27. Ba4
Red8 28. Rd1 Rd6 29. Bf4 Rdd8 30. Ra2 d4 31. Rad2 Bxc3 32. Bxc7 Bxd2 33. Bxb8
Bc3 34. Be5 Bc4 35. Nf5 Be2 36. Rb1 Bd3 37. Bd6+ Kg8 38. Ne7+ Kh8 39. Rb6 h6
40. Be5 Nd5 41. Nxd5 Rxd5 42. Bf4 Be2 43. Bb3 Rb5 44. Rxb5 Bxb5 45. Bxf7 Be2
46. Be5 Kh7 47. f3 g6 48. Kf2 Bd3 49. g4 g5 50. h4 gxh4 51. Kg2 Bb5 52. Kh3 Bc6
53. f4 Be4 54. f5 Bc2 55. Be6 Be1 56. Bxd4 Bd3 57. Bd5 Bf1+ 58. Bg2 Bc4 59. f6
Kg6 60. Be4+ Kf7 1/2-1/2

[Event "Mädchen-Grand-Prix Finale 2017"]
[Site "Erfurt GER"]
[Date "2017.08.05"]
[Round "1"]
[White "Ziegenfuß, Larissa"]
[Black "Alferova, Emily"]
[Result "1-0"]
[Termination "normal"]
[Board "5"]
[WhiteElo "1694"]
[BlackElo "1158"]
[PlyCount "133"]
[WhiteFideId "12974722"]
[BlackFideId "16265904"]
[EventCountry "GER"]
[EventRounds "5"]
[EventType "round robin"]
[EventDate "2017.08.04"]

1. e4 e5 2. Nf3 Nc6 3. d4 exd4 4. Bc4 d6 5. Nxd4 Bd7 6. Nc3 h6 7. O-O Nf6 8.
Re1 Be7 9. Bf4 O-O 10. Qd2 Kh7 11. Nxc6 Bxc6 12. Bd3 Ng8 13. e5+ Kh8 14. exd6
cxd6 15. Re2 Qd7 16. Rae1 Rae8 17. Ne4 d5 18. Ng3 d4 19. Nf5 Qd5 20. Be4 Qd7
21. Bxc6 bxc6 22. Nxd4 c5 23. Nf3 Qxd2 24. Rxd2 g5 25. Be3 Nf6 26. h3 Ne4 27.
Rd7 a5 28. Ra7 Bd8 29. Nd2 Nxd2 30. Bxd2 Rxe1+ 31. Bxe1 Bb6 32. Ra6 Rb8 33. b3
Bc7 34. Bxa5 Be5 35. Be1 Rd8 36. Kf1 Rd1 37. Ke2 Rd5 38. c4 Rd7 39. Bd2 Re7 40.
Be3 Bg7 41. Ra5 f5 42. Kf3 g4+ 43. hxg4 fxg4+ 44. Kxg4 Re4+ 45. Kf3 Re7 46.
Rxc5 Rf7+ 47. Ke2 Bc3 48. Rc6 Re7 49. Rxh6+ Kg7 50. Ra6 Kf8 51. Kd3 Bb4 52.
Ra8+ Kf7 53. Ra7 Rxa7 54. Bxa7 Kf6 55. Kd4 Kf5 56. Kd5 Kf4 57. c5 Ba5 58. Bb6
Bxb6 59. cxb6 Kf5 60. b7 Kf4 61. b8=Q+ Kf5 62. Qe5+ Kg6 63. Qf4 Kg7 64. Ke6 Kg6
65. Qg4+ Kh7 66. Kf6 Kh8 67. Qg7# 1-0

[Event "Mädchen-Grand-Prix Finale 2017"]
[Site "Erfurt GER"]
[Date "2017.08.05"]
[Round "1"]
[White "Adelmeyer, Nelly"]
[Black "Alferova, Ekaterina"]
[Result "1/2-1/2"]
[Termination "normal"]
[Board "6"]
[WhiteElo "1151"]
[BlackElo "1515"]
[PlyCount "61"]
[WhiteFideId "16203577"]
[BlackFideId "16217250"]
[EventCountry "GER"]
[EventRounds "5"]
[EventType "round robin"]
[EventDate "2017.08.04"]

1. d4 Nf6 2. Nf3 d6 3. e3 g6 4. Bd3 Bg7 5. O-O O-O 6. Nbd2 Nc6 7. b3 e5 8. dxe5
dxe5 9. e4 Bg4 10. Bb2 Nh5 11. h3 Bxf3 12. Nxf3 Nf4 13. Bc4 Qe7 14. Qc1 Qf6 15.
Rd1 Nxh3+ 16. Kf1 Nf4 17. Rd7 g5 18. Rxc7 Qh6 19. Kg1 Na5 20. Bf1 Nc6 21. Rxb7
g4 22. Nh2 Qg6 23. g3 Ne6 24. Qe3 Ned4 25. Bxd4 Nxd4 26. Qd3 Qc6 27. Rb4 Qe6
28. Be2 h5 29. c3 Nc6 30. Rb5 Ne7 31. Qc4 1/2-1/2

[Event "Mädchen-Grand-Prix Finale 2017"]
[Site "Erfurt GER"]
[Date "2017.08.05"]
[Round "1"]
[White "Petzold, Annika"]
[Black "Buchholz, Maja"]
[Result "1-0"]
[Termination "normal"]
[Board "7"]
[WhiteElo "1487"]
[BlackElo "1107"]
[PlyCount "121"]
[WhiteFideId "16241673"]
[BlackFideId "16200500"]
[EventCountry "GER"]
[EventRounds "5"]
[EventType "round robin"]
[EventDate "2017.08.04"]

1. b4 e5 2. Bb2 d6 3. e3 Nf6 4. Nf3 a6 5. c4 Be6 6. Nc3 Be7 7. Be2 O-O 8. O-O
Qe8 9. Qc2 Qc6 10. d3 b5 11. Nd2 Ra7 12. Rac1 Nbd7 13. Qd1 Nb6 14. Nce4 bxc4
15. Nxf6+ Bxf6 16. dxc4 a5 17. b5 Qb7 18. c5 Nc8 19. c6 Qa8 20. a4 Ne7 21. Ne4
Nd5 22. Nxf6+ Nxf6 23. h4 Qc8 24. Qd3 Bf5 25. Qd2 Bg6 26. Rc4 Qf5 27. g4 Ne4
28. Qd1 Qe6 29. h5 d5 30. Rc1 Bxh5 31. gxh5 Rd8 32. Bg4 Qf6 33. f3 Ng3 34. Rf2
Qg5 35. f4 exf4 36. exf4 Qh4 37. Rh2 Qe7 38. Qd4 f6 39. Qxa7 Qb4 40. Qxc7 Re8
41. Bc3 Qc5+ 42. Rf2 Ne4 43. Rcf1 Nxc3 44. Qd7 Re7 45. Be6+ Kf8 46. Qd8+ Re8
47. c7 Ne4 48. Qxe8+ Kxe8 49. c8=Q+ Qxc8 50. Bxc8 Nxf2 51. Rxf2 Kd8 52. Be6 Kc7
53. Bxd5 Kb6 54. Rc2 g6 55. Rc6+ Kb7 56. b6 g5 57. Rxf6+ Kb8 58. b7 gxf4 59.
Rf8+ Ka7 60. b8=Q+ Ka6 61. Rf6# 1-0

[Event "Mädchen-Grand-Prix Finale 2017"]
[Site "Erfurt GER"]
[Date "2017.08.05"]
[Round "1"]
[White "Komp, Mona Philine"]
[Black "Evering, Enna"]
[Result "1-0"]
[Termination "normal"]
[Board "8"]
[WhiteElo "1089"]
[BlackElo "1337"]
[PlyCount "53"]
[BlackFideId "16218213"]
[EventCountry "GER"]
[EventRounds "5"]
[EventType "round robin"]
[EventDate "2017.08.04"]

1. e4 e5 2. Nf3 Nc6 3. Bc4 Nf6 4. d3 Be7 5. c3 d5 6. exd5 Nxd5 7. O-O O-O 8.
Re1 Bf6 9. Bb5 Re8 10. Nbd2 Bg4 11. Ne4 Be7 12. Ng3 Bf8 13. h3 Bxf3 14. Qxf3 a6
15. Ba4 Nb6 16. Bxc6 bxc6 17. Qxc6 Qxd3 18. Qxc7 Rab8 19. Rxe5 Rec8 20. Qa7 Bc5
21. Rxc5 Qd1+ 22. Kh2 Qd8 23. Rxc8 Qxc8 24. Bf4 Rb7 25. Qxa6 Nc4 26. Rb1 Rb6
27. Qxc8# 1-0

[Event "Mädchen-Grand-Prix Finale 2017"]
[Site "Erfurt GER"]
[Date "2017.08.05"]
[Round "1"]
[White "Cwiklinski, Lena"]
[Black "Evering, Kira"]
[Result "0-1"]
[Termination "normal"]
[Board "10"]
[WhiteElo "880"]
[BlackElo "1278"]
[PlyCount "78"]
[BlackFideId "16218221"]
[EventCountry "GER"]
[EventRounds "5"]
[EventType "round robin"]
[EventDate "2017.08.04"]

1. e4 e6 2. Nc3 d5 3. exd5 exd5 4. d4 Nf6 5. Bg5 Be7 6. Nf3 h6 7. Bh4 O-O 8.
Bb5 Bd7 9. O-O Re8 10. Qd3 c6 11. Ba4 b5 12. Bb3 Ne4 13. Qe2 Bxh4 14. a4 Ng3
15. hxg3 Rxe2 16. Nxe2 Bf6 17. axb5 cxb5 18. Bxd5 Bc6 19. Bb3 Bxf3 20. gxf3 Nc6
21. d5 Ne7 22. Rfd1 Bxb2 23. Ra2 Be5 24. f4 Bc7 25. Nc3 Qd7 26. Ra6 Bb6 27. d6
Nf5 28. Ne4 Rd8 29. c4 Qb7 30. Ra2 Qxe4 31. d7 Nxg3 32. Kh2 Qf3 33. fxg3 Qxb3
34. Re2 Kf8 35. cxb5 Qxd1 36. Rb2 Qxd7 37. Rb1 Re8 38. Rc1 Re2+ 39. Kh1 Qd5#
0-1

[Event "Mädchen-Grand-Prix Finale 2017"]
[Site "Erfurt GER"]
[Date "2017.08.05"]
[Round "1"]
[White "Tornay, Haizea"]
[Black "Cwiklinski, Katja"]
[Result "1-0"]
[Termination "normal"]
[Board "11"]
[WhiteElo "1320"]
[BlackElo "811"]
[PlyCount "25"]
[WhiteFideId "16205758"]
[EventCountry "GER"]
[EventRounds "5"]
[EventType "round robin"]
[EventDate "2017.08.04"]

1. e4 e5 2. Nf3 Nc6 3. d4 f6 4. Bc4 Nge7 5. dxe5 Nxe5 6. Nxe5 fxe5 7. Bg5 h6 8.
Bh4 g5 9. Qh5+ Ng6 10. Qxg6+ Ke7 11. Qf7+ Kd6 12. Qd5+ Ke7 13. Qxe5# 1-0

[Event "Mädchen-Grand-Prix Finale 2017"]
[Site "Erfurt GER"]
[Date "2017.08.05"]
[Round "2"]
[White "Roncea, Andreea-Alexandra"]
[Black "Erofeev, Anastasia"]
[Result "0-1"]
[Termination "normal"]
[Board "1"]
[WhiteElo "1361"]
[BlackElo "1968"]
[PlyCount "118"]
[WhiteFideId "16233115"]
[BlackFideId "12917915"]
[EventCountry "GER"]
[EventRounds "5"]
[EventType "round robin"]
[EventDate "2017.08.04"]

1. e4 e5 2. Nf3 Nc6 3. Bc4 Bc5 4. d3 Nf6 5. Bb3 d6 6. c3 Bg4 7. Nbd2 O-O 8. O-O
Qd7 9. Re1 h6 10. Nf1 d5 11. exd5 Nxd5 12. h3 Bxf3 13. Qxf3 Rad8 14. Bc2 Nf6
15. Be3 Bxe3 16. fxe3 Nh7 17. Ng3 Ng5 18. Qf2 f5 19. d4 e4 20. Bb3+ Kh8 21.
Rad1 Ne7 22. Nf1 Ng6 23. Qc2 Rf6 24. Nd2 Nh4 25. Nc4 Rdf8 26. Ne5 Qe8 27. Qf2
Ng6 28. Nxg6+ Qxg6 29. Kh1 Nh7 30. Qf4 Rd6 31. Kh2 Nf6 32. Qg3 Qxg3+ 33. Kxg3
g6 34. Kh2 Kg7 35. Rf1 Nd5 36. Bxd5 Rxd5 37. c4 Ra5 38. a3 g5 39. g3 Rf6 40. c5
Rb5 41. b4 a5 42. Rb1 Kg6 43. a4 Rxb4 44. Rxb4 axb4 45. Rb1 b6 46. Rxb4 bxc5
47. dxc5 Rc6 48. Rc4 Kf6 49. Kg2 Ke5 50. Kf2 Kd5 51. Rc2 Rxc5 52. Ra2 Ra5 53.
Rc2 c5 54. Ke2 Rxa4 55. Kd2 Ra3 56. Ke2 c4 57. Kd2 Kc5 58. Ke2 c3 59. Kf2 Kc4
0-1

[Event "Mädchen-Grand-Prix Finale 2017"]
[Site "Erfurt GER"]
[Date "2017.08.05"]
[Round "2"]
[White "Reuter, Elisa"]
[Black "Tornay, Haizea"]
[Result "1-0"]
[Termination "normal"]
[Board "2"]
[WhiteElo "1648"]
[BlackElo "1320"]
[PlyCount "61"]
[WhiteFideId "12995444"]
[BlackFideId "16205758"]
[EventCountry "GER"]
[EventRounds "5"]
[EventType "round robin"]
[EventDate "2017.08.04"]

1. e4 c6 2. d4 d5 3. exd5 cxd5 4. c4 Nf6 5. Nc3 Bf5 6. Qb3 Nc6 7. cxd5 Na5 8.
Qa4+ Bd7 9. Qd1 e6 10. dxe6 Bxe6 11. h3 Nc6 12. Nf3 Bb4 13. a3 Ba5 14. b4 Bb6
15. Be3 O-O 16. Na4 Re8 17. Nxb6 Qxb6 18. Be2 Nd5 19. O-O Nc3 20. Qd2 Nxe2+ 21.
Qxe2 Bd5 22. Qd1 Rad8 23. Re1 a5 24. bxa5 Qxa5 25. Qd2 Qxd2 26. Nxd2 Re7 27.
Nf3 Rde8 28. Red1 Rd8 29. Rd2 Ra8 30. Rb2 Na5 31. Rb5 1-0

[Event "Mädchen-Grand-Prix Finale 2017"]
[Site "Erfurt GER"]
[Date "2017.08.05"]
[Round "2"]
[White "Evering, Kira"]
[Black "Ziegenfuß, Larissa"]
[Result "0-1"]
[Termination "normal"]
[Board "3"]
[WhiteElo "1278"]
[BlackElo "1694"]
[PlyCount "48"]
[WhiteFideId "16218221"]
[BlackFideId "12974722"]
[EventCountry "GER"]
[EventRounds "5"]
[EventType "round robin"]
[EventDate "2017.08.04"]

1. e4 c5 2. Nf3 e6 3. d4 cxd4 4. Nxd4 Nc6 5. Be3 Nf6 6. Nd2 Qc7 7. c3 Be7 8.
Bd3 O-O 9. h3 Ne5 10. Qe2 d6 11. O-O a6 12. a4 Bd7 13. Rfc1 Bc6 14. Nxc6 Qxc6
15. Bf4 Nfd7 16. b4 Ng6 17. Be3 Nde5 18. Nf3 Nxf3+ 19. Qxf3 Ne5 20. Qe2 f5 21.
Bf4 Nxd3 22. Qxd3 fxe4 23. Qe3 e5 24. b5 exf4 0-1

[Event "Mädchen-Grand-Prix Finale 2017"]
[Site "Erfurt GER"]
[Date "2017.08.05"]
[Round "2"]
[White "Lorenz, Anouk"]
[Black "Petzold, Annika"]
[Result "1-0"]
[Termination "normal"]
[Board "4"]
[WhiteElo "1287"]
[BlackElo "1487"]
[PlyCount "123"]
[WhiteFideId "12990256"]
[BlackFideId "16241673"]
[EventCountry "GER"]
[EventRounds "5"]
[EventType "round robin"]
[EventDate "2017.08.04"]

1. e4 d6 2. d4 Nf6 3. Nc3 g6 4. Be3 Bg7 5. Nf3 Bg4 6. Be2 c6 7. h3 Bxf3 8. Bxf3
Qc7 9. Qd2 Na6 10. O-O-O O-O-O 11. Qe2 Nd7 12. Kb1 Kb8 13. g3 Qa5 14. Bf4 e5
15. dxe5 Nxe5 16. Be3 b5 17. a3 b4 18. axb4 Nxb4 19. Bd4 c5 20. Bxe5 Bxe5 21.
Qb5+ Qb6 22. Qxb6+ axb6 23. Nb5 Nc6 24. Be2 Nd4 25. Nxd4 Bxd4 26. f4 Bg7 27.
Bc4 Rd7 28. Rd2 Rhd8 29. Rhd1 Kc7 30. Bb5 Re7 31. e5 Kb7 32. exd6 Re4 33. Bf1
Rb4 34. b3 Ra8 35. Bg2+ Kb8 36. Bxa8 Kxa8 37. d7 Bf6 38. d8=Q+ Bxd8 39. Rxd8+
Kb7 40. Kb2 Re4 41. c4 Re3 42. R1d7+ Kc6 43. Rd6+ Kc7 44. R8d7+ Kc8 45. Rxf7
Rxg3 46. Rxh7 Rg2+ 47. Ka3 Rg1 48. Rf6 Rd1 49. Rf8+ Rd8 50. Rxd8+ Kxd8 51. Rg7
Kc8 52. Rxg6 Kb7 53. h4 Ka6 54. h5 Ka5 55. h6 b5 56. Rg1 bxc4 57. bxc4 Kb6 58.
h7 Ka5 59. h8=Q Kb6 60. Rg6+ Ka7 61. Qh7+ Kb8 62. Rg8# 1-0

[Event "Mädchen-Grand-Prix Finale 2017"]
[Site "Erfurt GER"]
[Date "2017.08.05"]
[Round "2"]
[White "Mundt, Alexandra"]
[Black "Komp, Mona Philine"]
[Result "1-0"]
[Termination "normal"]
[Board "5"]
[WhiteElo "1563"]
[BlackElo "1089"]
[PlyCount "25"]
[WhiteFideId "16217276"]
[EventCountry "GER"]
[EventRounds "5"]
[EventType "round robin"]
[EventDate "2017.08.04"]

1. e4 e5 2. Nc3 Nf6 3. f4 d6 4. Nf3 g6 5. Bc4 Bh6 6. fxe5 dxe5 7. Nxe5 O-O 8.
d4 Bg7 9. O-O Nbd7 10. Nxf7 Rxf7 11. e5 Ne8 12. Rxf7 Kh8 13. Qf1 1-0

[Event "Mädchen-Grand-Prix Finale 2017"]
[Site "Erfurt GER"]
[Date "2017.08.05"]
[Round "2"]
[White "Evering, Enna"]
[Black "Adelmeyer, Nelly"]
[Result "1-0"]
[Termination "normal"]
[Board "7"]
[WhiteElo "1337"]
[BlackElo "1151"]
[PlyCount "121"]
[WhiteFideId "16218213"]
[BlackFideId "16203577"]
[EventCountry "GER"]
[EventRounds "5"]
[EventType "round robin"]
[EventDate "2017.08.04"]

1. e4 c5 2. Nf3 d6 3. Nc3 Nc6 4. d4 cxd4 5. Nxd4 Nf6 6. Bb5 Bd7 7. Nxc6 bxc6 8.
Bd3 g6 9. Bg5 Bg7 10. O-O O-O 11. Qd2 Re8 12. Bh6 Bh8 13. h3 Rb8 14. b3 e5 15.
Rfe1 d5 16. exd5 cxd5 17. Rad1 d4 18. Ne2 Bc6 19. Bc4 Ne4 20. Qd3 Qh4 21. Qf3
Re7 22. Bc1 Rb6 23. Qg4 Qxf2+ 24. Kh2 Bd7 25. Qxe4 Bc6 26. Qg4 h5 27. Rf1 Qxf1
28. Qc8+ Re8 29. Qxe8+ Bxe8 30. Rxf1 e4 31. Ng3 e3 32. Ne4 Kf8 33. Ng3 f5 34.
Ne2 Bb5 35. Bxb5 Rxb5 36. Rd1 Rd5 37. c4 Rd7 38. Ba3+ Kg8 39. Nc1 Be5+ 40. Kg1
g5 41. Nd3 Bg3 42. Kf1 Rd8 43. Ke2 g4 44. hxg4 hxg4 45. c5 f4 46. Rf1 Rf8 47.
b4 f3+ 48. gxf3 gxf3+ 49. Rxf3 Rxf3 50. Kxf3 Bh4 51. c6 Bd8 52. Bb2 Kf7 53.
Bxd4 Ke6 54. b5 Bb6 55. Bxb6 axb6 56. Kxe3 Kd6 57. Kd4 Kc7 58. Ke5 Kc8 59. Kd6
Kd8 60. c7+ Kc8 61. Ne5 1-0

[Event "Mädchen-Grand-Prix Finale 2017"]
[Site "Erfurt GER"]
[Date "2017.08.05"]
[Round "2"]
[White "Buchholz, Maja"]
[Black "Habersetzer, Elyse"]
[Result "0-1"]
[Termination "normal"]
[Board "8"]
[WhiteElo "1107"]
[BlackElo "1631"]
[PlyCount "56"]
[WhiteFideId "16200500"]
[BlackFideId "16222288"]
[EventCountry "GER"]
[EventRounds "5"]
[EventType "round robin"]
[EventDate "2017.08.04"]

1. c4 e6 2. Nf3 d5 3. cxd5 exd5 4. g3 c6 5. Bg2 Bd6 6. Nc3 f5 7. d3 Nf6 8. b3
O-O 9. O-O Qe8 10. Bg5 Nbd7 11. Qc2 Ne5 12. d4 Nxf3+ 13. Bxf3 Ne4 14. Qc1 Qg6
15. Be3 Bd7 16. a3 Rf7 17. b4 Raf8 18. Qc2 Nxc3 19. Qxc3 f4 20. Bd2 Bh3 21.
Rfe1 fxg3 22. hxg3 Bxg3 23. Qd3 Bf5 24. Qc3 Bf4+ 25. Kh1 Qh6+ 26. Kg1 Qh2+ 27.
Kf1 Bh3+ 28. Bg2 Qxg2# 0-1

[Event "Mädchen-Grand-Prix Finale 2017"]
[Site "Erfurt GER"]
[Date "2017.08.05"]
[Round "2"]
[White "Lorenz, Keana"]
[Black "Goetz, Fenja"]
[Result "0-1"]
[Termination "normal"]
[Board "9"]
[WhiteElo "1290"]
[BlackElo "1050"]
[PlyCount "40"]
[WhiteFideId "12990248"]
[BlackFideId "16250516"]
[EventCountry "GER"]
[EventRounds "5"]
[EventType "round robin"]
[EventDate "2017.08.04"]

1. e4 c5 2. Nf3 Nc6 3. d4 cxd4 4. Nxd4 d6 5. c4 Nf6 6. Nc3 g6 7. Be3 Bg7 8. f3
O-O 9. Qd2 a6 10. O-O-O Nxd4 11. Bxd4 Be6 12. h4 b5 13. cxb5 axb5 14. Kb1 b4
15. Nd5 Nxd5 16. exd5 Bxd5 17. Bxg7 Bxa2+ 18. Ka1 Bb3+ 19. Kb1 Qa5 20. Kc1 Qa1#
0-1

[Event "Mädchen-Grand-Prix Finale 2017"]
[Site "Erfurt GER"]
[Date "2017.08.05"]
[Round "2"]
[White "Cwiklinski, Katja"]
[Black "Irrgang, Natascha"]
[Result "1/2-1/2"]
[Termination "normal"]
[Board "10"]
[WhiteElo "811"]
[BlackElo "1275"]
[PlyCount "100"]
[BlackFideId "16257545"]
[EventCountry "GER"]
[EventRounds "5"]
[EventType "round robin"]
[EventDate "2017.08.04"]

1. e4 e5 2. Nf3 Nc6 3. Bb5 a6 4. Ba4 Nf6 5. Nc3 Be7 6. O-O O-O 7. d3 d5 8. Be3
d4 9. Bd2 dxc3 10. Bxc3 b5 11. Bb3 Bg4 12. h3 Bh5 13. Qe2 b4 14. Bd2 Nd4 15.
Qe3 Nxf3+ 16. gxf3 Qd7 17. Kh2 h6 18. f4 exf4 19. Qxf4 Bd6 20. e5 Bc5 21. d4
Nd5 22. Qe4 Ne7 23. dxc5 Qxd2 24. Rad1 Qg5 25. Qxb4 Bxd1 26. Rxd1 Qxe5+ 27. f4
Qe2+ 28. Kg3 Qxd1 29. Qe4 Qg1+ 30. Qg2 Qxg2+ 31. Kxg2 Rad8 32. Bc4 Rd2+ 33. Kf3
a5 34. h4 Rxc2 35. b3 Rxa2 36. c6 Nxc6 37. Bb5 Rc2 38. h5 Ne7 39. f5 Nxf5 40.
Kf4 Nd4 41. Bc4 Rb2 42. Ke4 Nxb3 43. Bxb3 Rxb3 44. Kd5 Rfb8 45. Kc4 a4 46. Kc5
a3 47. Kc6 a2 48. Kc5 a1=Q 49. Kc6 Qc3+ 50. Kd7 Kf8 1/2-1/2

[Event "Mädchen-Grand-Prix Finale 2017"]
[Site "Erfurt GER"]
[Date "2017.08.05"]
[Round "2"]
[White "Alferova, Emily"]
[Black "Cwiklinski, Lena"]
[Result "0-1"]
[Termination "normal"]
[Board "11"]
[WhiteElo "1158"]
[BlackElo "880"]
[PlyCount "100"]
[WhiteFideId "16265904"]
[EventCountry "GER"]
[EventRounds "5"]
[EventType "round robin"]
[EventDate "2017.08.04"]

1. g4 d5 2. Bg2 Nf6 3. g5 Ng4 4. d4 Nc6 5. f3 e5 6. fxg4 Bxg4 7. h3 Bh5 8. dxe5
Nxe5 9. b3 Bb4+ 10. Bd2 Bc5 11. h4 Ng4 12. Nh3 O-O 13. b4 Bd4 14. c3 Bb6 15. a4
a5 16. Bf3 Qd7 17. bxa5 Rxa5 18. c4 Raa8 19. Bb4 Rfe8 20. c5 Ba7 21. Nf4 b6 22.
Qd4 Bg6 23. Nxg6 hxg6 24. Bxg4 Qe7 25. Bc3 Qf8 26. h5 bxc5 27. Qd3 d4 28. Bb2
Qe7 29. Bc1 Qd6 30. h6 Kh7 31. hxg7+ Kxg7 32. Qh3 Rh8 33. Qg2 Rae8 34. Rxh8
Kxh8 35. Qh3+ Kg8 36. Ra3 c4 37. Rg3 d3 38. e3 Qb4+ 39. Nd2 c3 40. Kd1 Qxa4+
41. Ke1 Qc2 42. Qh4 Qxc1+ 43. Kf2 Qxd2+ 44. Kf3 Qxe3+ 45. Kg2 Qf2+ 46. Kh3 Re1
47. Qh8+ Kxh8 48. Bd7 f5 49. Rg2 Rh1+ 50. Rh2 Rxh2# 0-1

[Event "Mädchen-Grand-Prix Finale 2017"]
[Site "Erfurt GER"]
[Date "2017.08.05"]
[Round "3"]
[White "Erofeev, Anastasia"]
[Black "Lorenz, Anouk"]
[Result "1-0"]
[Termination "normal"]
[Board "1"]
[WhiteElo "1968"]
[BlackElo "1287"]
[PlyCount "43"]
[WhiteFideId "12917915"]
[BlackFideId "12990256"]
[EventCountry "GER"]
[EventRounds "5"]
[EventType "round robin"]
[EventDate "2017.08.04"]

1. d4 f5 2. c4 g6 3. Nc3 Nf6 4. Nf3 Bg7 5. g3 O-O 6. Bg2 d6 7. O-O Qe8 8. Re1
e5 9. dxe5 dxe5 10. e4 f4 11. gxf4 exf4 12. Bxf4 Na6 13. Bg3 Bg4 14. e5 Nd7 15.
Qd5+ Be6 16. Qd3 Bf5 17. Qe3 Nac5 18. Rad1 Rd8 19. Nd4 Be6 20. b4 Na6 21. Nxe6
Qxe6 22. Bd5 1-0

[Event "Mädchen-Grand-Prix Finale 2017"]
[Site "Erfurt GER"]
[Date "2017.08.05"]
[Round "3"]
[White "Ziegenfuß, Larissa"]
[Black "Reuter, Elisa"]
[Result "1/2-1/2"]
[Termination "normal"]
[Board "2"]
[WhiteElo "1694"]
[BlackElo "1648"]
[PlyCount "70"]
[WhiteFideId "12974722"]
[BlackFideId "12995444"]
[EventCountry "GER"]
[EventRounds "5"]
[EventType "round robin"]
[EventDate "2017.08.04"]

1. e4 c5 2. Nc3 Nc6 3. g3 g6 4. Bg2 Bg7 5. Nge2 e6 6. d3 Nge7 7. O-O O-O 8. Be3
b6 9. Qd2 d5 10. Bh6 Bb7 11. Bxg7 Kxg7 12. f4 dxe4 13. Nxe4 Nf5 14. g4 Nfd4 15.
c3 Nxe2+ 16. Qxe2 f6 17. g5 f5 18. Nf6 Rxf6 19. gxf6+ Qxf6 20. Rae1 Re8 21. Bf3
Re7 22. Qg2 Nd8 23. Bxb7 Nxb7 24. Re5 Nd6 25. Rfe1 Nf7 26. R5e3 Nd8 27. Qa8 Rd7
28. Qf3 Rf7 29. Qd1 Rd7 30. Qa4 Qf7 31. d4 cxd4 32. cxd4 Rd5 33. Qc4 Rd7 34. d5
Rxd5 35. Qxd5 exd5 1/2-1/2